Quelle ville en Nouvelle-Aquitaine ? - Statistiques

Statistiques générales
  • Ce quiz a été pris 353 fois
  • Le résultat moyen est 16 sur 20
Statistiques - réponses
Indice Initiales Ville % Correct
Donne son nom à une région viticole connue mondialement B Bordeaux
97%
Connue pour son bassin, et la dune du Pilat qui est à quelques kilomètres A Arcachon
94%
Donne notamment son nom au jambon du sud-ouest B Bayonne
94%
Grande ville également proche du Fort, où se déroulent les Francofolies L R La Rochelle
92%
Fief d'un certain Cyrano B Bergerac
91%
Village basque connu pour ses fameux piments E Espelette
91%
Sa spécialité sont les pruneaux A Agen
89%
Capitale de la bande dessinée, notamment grâce à son festival annuel A Angoulême
88%
Station balnéaire connue des surfeurs à travers le monde B Biarritz
88%
Capitale historique du Béarn P Pau
88%
Associée à une bataille gagnée par Charles Martel en 732 P Poitiers
84%
Ville proche du Fort Boyard ayant inspiré le nom du "père" de ce dernier dans l'émission F Fouras
83%
Banlieue de la plus grande ville de la région ; elle accueille notamment son aéroport M Mérignac
79%
Deuxième ville la plus peuplée de la région L Limoges
77%
Village inscrit à l'Unesco justement célèbre pour son vignoble S E Saint-{Emilion}
77%
Plus grande ville de Corrèze, chantée par Georges Brassens B L G Brive-la-Gaillarde
73%
Village tristement célèbre pour le massacre de sa population lors de la retraite des nazis en 1944 O S G Oradour-sur-Glane
72%
Connue pour sa grotte, laquelle constitue l'un des plus grands héritages de l'époque paléolithique M L Montignac-{Lascaux}
58%
Elle se situe au bout de l'estuaire de la Gironde R Royan
56%
Capitale historique de la Marche, et préfecture du deuxième département le moins peuplé du pays G Guéret
52%
Aucun quiz correspondant
Distribution des résultats
% des personnes avec chaque résultat
Percentile par nombre de réponses
Votre historique - résultats
Vous n’avez pas pris ce quiz